000 00571nam a2200193 a 4500
001 17043
003 CO-ViMGA
008 141112s2004 ck r 000 u spa d
020 _a9508020830
040 _aCO-ViMGA
_bspa
_cCO-ViMGA
082 0 4 _a616.863 M125e
100 1 _aMac Nally, María Teresa; Menendez, María Isabel; Rabetzky, Nelida
_924174
245 1 0 _aEtnografía de la droga
260 _aBuenos Aires (Argentina),
_cEspacio,
_c1998
300 _a159.p.
590 _aForma de adquisición : Premio - Mincultura
650 1 4 _aDROGADICCION
942 _2ddc
_cBK
999 _c26659
_d26659